Turkey unveiled : a history of modern Turkey /
Main Author:
Other Authors:
Format: Book
Language: English
Published:
Woodstock, New York :
Overlook Press,
1998.
Edition: 1st ed.
Subjects:
Tags: Add Tag
Call Number: DR576 .P675 1998
| LEADER | 01500nam a2200313 a 4500 | ||
|---|---|---|---|
| 001 | 11069 | ||
| 003 | OSt | ||
| 005 | 20240925123609.0 | ||
| 008 | 130303s1998 nyuab b 001 0deng d | ||
| 952 | |0 0 |1 0 |2 lcc |4 0 |6 DR0576 P675 01998 |7 1 |9 58328 |a ARCE |b ARCE |d 2023-12-19 |l 0 |o DR576 .P675 1998 |p 1010662 |r 2023-12-19 00:00:00 |w 2023-12-19 |y BK | ||
| 999 | |c 12567 |d 12567 | ||
| 010 | |a 98016616 | ||
| 020 | |a 0879518987 | ||
| 040 | |c ARCE Library | ||
| 043 | |a a-tu--- | ||
| 050 | 4 | |a DR576 .P675 1998 | |
| 100 | 1 | |a Pope, Nicole, |e author | |
| 245 | 1 | 0 | |a Turkey unveiled : |b a history of modern Turkey / |c Nicole Pope and Hugh Pope. |
| 250 | |a 1st ed. | ||
| 264 | 1 | |a Woodstock, New York : |b Overlook Press, |c 1998. | |
| 300 | |a xi, 373 pages : |b illustrations, maps ; |c 24 cm. | ||
| 504 | |a Includes bibliographical references pages ([363]-366) and index. | ||
| 505 | 0 | |a Tangled roots -- Ottoman glory and decline -- Turkey for the Turks -- Atatürk, immortal leader -- Walking the tightrope -- A new beginning -- The army shows its hand -- The Cyprus disaster -- Wilderness years -- The generals take charge -- The Özal revolution -- A bridge too far -- Özal stumbles -- A place at the feast -- The Kurdish reality -- The wolf and the bear -- The noxious nineties -- Erdoğan catches the train. | |
| 600 | 1 | 0 | |a Atatürk, Kemal, |d 1881-1938. |9 25776 |
| 651 | 0 | |a Turkey |x Civilization |y 20th century. | |
| 651 | 0 | |a Turkey |x Politics and government |y 1909- | |
| 700 | 1 | |a Pope, Hugh. | |
| 901 | |a reviewed | ||
| 942 | |c BK |2 lcc | ||
